Podnikanie v novej ekonomike

Salvato in:
Dettagli Bibliografici
Autore principale: Bažó, Ladislav, 1980-
Natura: Capitolo di libro
Lingua:slovacco
Tags: Aggiungi Tag
Nessun Tag, puoi essere il primo ad aggiungerne!!

MARC

LEADER 00000naa$a2200000$$$4500
001 0066726
005 20240502071807.8
041 0 |a slo 
044 |a SK 
245 1 0 |a Podnikanie v novej ekonomike  |c Ladislav Bažó 
100 1 |a Bažó, Ladislav, 1980-